000 00335nam a2200145Ia 4500
008 230718s9999 xx 000 0 und d
041 _aEng.
082 _a43.087
_bDAW-Q
100 _aDawson, Peter H.
245 0 _aQuadrupell Masss
260 _aPakistan
_bAmericans insitue
_c1976
300 _a348
650 _aLaw
999 _c26658
_d26658